| 000 | 00811cam a2200229u 4500 | ||
|---|---|---|---|
| 001 | 7488865 | ||
| 005 | 20071005094312.0 | ||
| 008 | 830111s1960 nyu |r 001 0 eng d | ||
| 010 | _a 60006999 | ||
| 040 |
_aDLC _cCarP _dDLC |
||
| 050 | 0 | 0 |
_aHX40 _b.S39 |
| 082 |
_222 _a335.43 _bSET |
||
| 100 | 1 |
_aSeton-Watson, Hugh. _910734 |
|
| 245 | 1 | 0 |
_aFrom Lenin to Khrushchev: _bThe History of World Communism/ _cby Hugh seton-Watson |
| 260 |
_aNew York: _bPraeger, 1960 _c1960 |
||
| 300 |
_a432 p.; _c22 cm. |
||
| 500 | _aDonated by: Alaa Abdel Ghany | ||
| 504 | _aIncludes bibliographical references and indexes | ||
| 650 | 0 |
_aCommunism _xHistory. _910735 |
|
| 942 |
_2ddc _cBB |
||
| 999 |
_c13225 _d13225 |
||